Faculty of Law Library — Cairo University

Official Online Catalog

The death penalty today / (Record no. 52199)

MARC details
000 -LEADER
fixed length control field 02044cac a2200373 i 4500
003 - CONTROL NUMBER IDENTIFIER
control field EG-GICUC
005 - DATE AND TIME OF LATEST TRANSACTION
control field 20260121101533.0
008 - FIXED-LENGTH DATA ELEMENTS--GENERAL INFORMATION
fixed length control field 071009s2008 flua frb 001 0 eng d
015 ## - NATIONAL BIBLIOGRAPHY NUMBER
National bibliography number GBA809135
Source bnb
016 7# - NATIONAL BIBLIOGRAPHIC AGENCY CONTROL NUMBER
Record control number 014500508
Source Uk
020 ## - INTERNATIONAL STANDARD BOOK NUMBER
International Standard Book Number 9781420070118
Qualifying information alk. paper
020 ## - INTERNATIONAL STANDARD BOOK NUMBER
International Standard Book Number 1420070118
Qualifying information alk. paper
040 ## - CATALOGING SOURCE
Original cataloging agency DLC
Transcribing agency DLC
Modifying agency BTCTA
-- BAKER
-- YDXCP
-- UKM
-- C#P
-- BWX
-- WLL
-- IXA
-- DLC
-- EG-GICUC
Language of cataloging eng
Description conventions rda
043 ## - GEOGRAPHIC AREA CODE
Geographic area code n-us---
050 00 - LIBRARY OF CONGRESS CALL NUMBER
Classification number KF9227.C2
Item number D43 2008
082 00 - DEWEY DECIMAL CLASSIFICATION NUMBER
Classification number 343.16321073
Edition number 21
092 04 - LOCALLY ASSIGNED DEWEY CALL NUMBER (OCLC)
Edition number 21
099 ## - LOCAL FREE-TEXT CALL NUMBER (OCLC)
Classification number Law 10 2008
245 04 - TITLE STATEMENT
Title The death penalty today /
Statement of responsibility, etc. edited by Robert M. Bohm.
264 ## - PRODUCTION, PUBLICATION, DISTRIBUTION, MANUFACTURE, AND COPYRIGHT NOTICE
Place of production, publication, distribution, manufacture Boca Raton, Fla. :
Name of producer, publisher, distributor, manufacturer CRC Press,
Date of production, publication, distribution, manufacture, or copyright notice 2008.
300 ## - PHYSICAL DESCRIPTION
Extent xvi, 224 page :
Other physical details illustrations ;
Dimensions 24 cm.
336 ## - CONTENT TYPE
Content type term text
Content type code txt
Source rdacontent
337 ## - MEDIA TYPE
Media type term unmediated
Media type code n
Source rdamedia
338 ## - CARRIER TYPE
Carrier type term volume
Carrier type code nc
Source rdacarrier
504 ## - BIBLIOGRAPHY, ETC. NOTE
Bibliography, etc. note Includes bibliographical references and index.
505 0# - FORMATTED CONTENTS NOTE
Formatted contents note Errors in capital cases and what can be done about them -- Scrutinizing the death penalty : state death penalty study commissions and their recommendations -- Themes of wrongful executions in the post-Furman era -- Making it work : compensation for the wrongfully convicted -- A painless cocktail? The lethal injection controversy -- Assessing scholarly opinion of capital punishment : the experts speak -- Police managers' attitudes toward capital punishment -- The United States can't televise an execution because it will make condemned men feel bad about the death penalty : issues raised by the suit to make McVeigh's execution public -- "Let's do it!" : an analysis of consensual executions -- Some hypotheses about capital punishment and lynching.
650 #0 - SUBJECT ADDED ENTRY--TOPICAL TERM
Topical term or geographic name entry element Capital punishment
Geographic subdivision United States.
650 #0 - SUBJECT ADDED ENTRY--TOPICAL TERM
Topical term or geographic name entry element Capital punishment
General subdivision Moral and ethical aspects
Geographic subdivision United States.
700 1# - ADDED ENTRY--PERSONAL NAME
Personal name Bohm, Robert M.
856 41 - ELECTRONIC LOCATION AND ACCESS
Uniform Resource Identifier <a href="https://fll.law.cu.edu.eg/fulltext/bks/ENGB10-00079.pdf">https://fll.law.cu.edu.eg/fulltext/bks/ENGB10-00079.pdf</a>
856 41 - ELECTRONIC LOCATION AND ACCESS
Materials specified Table of contents only
Uniform Resource Identifier <a href="http://www.loc.gov/catdir/toc/ecip082/2007042040.html">http://www.loc.gov/catdir/toc/ecip082/2007042040.html</a>
905 ## - Cataloger and Reviser Names
Cataloger Name: Hend El khosy
942 ## - ADDED ENTRY ELEMENTS (KOHA)
Source of classification or shelving scheme Dewey Decimal Classification
Koha item type Books
Edition 21
Suppress in OPAC No
Holdings
Withdrawn status Lost status Source of classification or shelving scheme Damaged status Not for loan Collection Home library Current library Date acquired Total checkouts Full call number Barcode Date last seen Copy number Price effective from Koha item type Public note
    Dewey Decimal Classification     القانون الجنائي جــــامعة القــاهرة مكتبة كلية الحقوق - فـرع الشيخ زايد 23.12.2025   Law2 10 343.16321073 DE 2008 1000079 C1 ENGB10-00079 23.12.2025 1 23.12.2025 Books 1534

© All rights reserved — Faculty of Law, Cairo University